Departmentally Related Parliamentary Standing Committees: Compendium (Record no. 504242)

000 -LEADER
fixed length control field 00336cam a22000977a 4500
008 - FIXED-LENGTH DATA ELEMENTS--GENERAL INFORMATION
fixed length control field 180718b-- xxu||||| |||| 00| 0 eng d
245 ## - TITLE STATEMENT
Title Departmentally Related Parliamentary Standing Committees: Compendium
Statement of responsibility, etc. by Lok Sabha
260 ## - PUBLICATION, DISTRIBUTION, ETC.
Place of publication, distribution, etc. New Delhi
Name of publisher, distributor, etc. Lok Sabha Secretariat
Date of publication, distribution, etc. --
500 ## - GENERAL NOTE
General note Library has 1994/95-1995/96
700 ## - ADDED ENTRY--PERSONAL NAME
Personal name India. Lok Sabha
Holdings
Withdrawn status Lost status Source of classification or shelving scheme Damaged status Not for loan Permanent Location Current Location Date acquired Barcode Date last seen Price effective from Koha item type
          Indian Institute of Public Administration Indian Institute of Public Administration 2018-08-04 G18887 2018-08-04 2018-08-04 G
          Indian Institute of Public Administration Indian Institute of Public Administration 2018-08-04 G18897 2018-08-04 2018-08-04 G

Powered by Koha